[Event "MP Reykjavik Open 2011"]
[Site "Reykjavik ISL"]
[Date "2011.03.16"]
[Round "9.64"]
[White "Will, Matthias"]
[Black "Fridthjofsdottir, Sigurl  Regin"]
[Result "1-0"]
[WhiteElo "2047"]
[BlackElo "1808"]
[PlyCount "61"]
[EventDate "2011.03.09"]
[EventType "swiss"]
[EventRounds "9"]
[EventCountry "ISL"]
[Source "lmi"]
[SourceDate "2011.03.09"]

1. d4 d5 2. Nf3 Nf6 3. Bg5 e6 4. Nbd2 Be7 5. e3 O-O 6. Bd3 Nbd7 7. O-O c5 8. c3
h6 9. Bh4 Re8 10. Qe2 c4 11. Bc2 b5 12. a3 a5 13. Ne5 Nxe5 14. dxe5 Nd7 15.
Bxe7 Rxe7 16. f4 Qb6 17. Nf3 Nc5 18. Nd4 Ba6 19. Qg4 Nd7 20. Rf3 f5 21. Qh4 Rf7
22. g4 fxg4 23. Qxg4 Nf8 24. Rh3 Kh8 25. Kh1 Raa7 26. Rg1 g6 27. Bxg6 Rg7 28.
Rxh6+ Kg8 29. Qh5 Nxg6 30. Rgxg6 Rxg6 31. Qxg6+ 1-0

[Event "MP Reykjavik Open 2011"]
[Site "Reykjavik ISL"]
[Date "2011.03.16"]
[Round "9.65"]
[White "Brynjarsson, Eirikur Orn"]
[Black "Puuska, Heini"]
[Result "0-1"]
[WhiteElo "1626"]
[BlackElo "2014"]
[PlyCount "60"]
[EventDate "2011.03.09"]
[EventType "swiss"]
[EventRounds "9"]
[EventCountry "ISL"]
[Source "lmi"]
[SourceDate "2011.03.09"]

1. e4 e6 2. d4 d5 3. exd5 exd5 4. Nf3 Bg4 5. Be3 Nc6 6. c3 Bd6 7. Bd3 Nge7 8.
h3 Bh5 9. Nbd2 f5 10. Bg5 Qd7 11. O-O O-O-O 12. Qc2 h6 13. Bxe7 Nxe7 14. Rfe1
Rde8 15. Ne5 Bxe5 16. Rxe5 g6 17. Nb3 Nc6 18. Rxe8+ Rxe8 19. f3 Qe7 20. g4 fxg4
21. hxg4 Bxg4 22. fxg4 Qg5 23. Bxg6 Qxg4+ 24. Kh1 Qf3+ 25. Kg1 Rg8 26. Kh2 Ne7
27. Rg1 Nxg6 28. Rxg6 Qh5+ 29. Kg3 Rxg6+ 30. Kf4 Rg4+ 0-1

[Event "MP Reykjavik Open 2011"]
[Site "Reykjavik ISL"]
[Date "2011.03.16"]
[Round "9.66"]
[White "Finnbogadottir, Tinna Kristin"]
[Black "Brynjarsson, Helgi"]
[Result "1/2-1/2"]
[WhiteElo "1791"]
[BlackElo "2008"]
[PlyCount "61"]
[EventDate "2011.03.09"]
[EventType "swiss"]
[EventRounds "9"]
[EventCountry "ISL"]
[Source "lmi"]
[SourceDate "2011.03.09"]

1. e4 e5 2. Nf3 Nc6 3. Bc4 Nf6 4. Ng5 d5 5. exd5 Na5 6. Bb5+ Bd7 7. Qe2 Bd6 8.
d4 Qe7 9. dxe5 Qxe5 10. Qxe5+ Bxe5 11. Bxd7+ Nxd7 12. Na3 Nb6 13. O-O O-O 14.
Nf3 Bf6 15. d6 c6 16. c3 Nac4 17. Nxc4 Nxc4 18. Bg5 Bxg5 19. Nxg5 Rfd8 20. b3
Nxd6 21. Rfe1 h6 22. Ne4 Kf8 23. Nxd6 Rxd6 24. Rad1 Rad8 25. Rxd6 Rxd6 26. Kf1
Rd2 27. Re2 Rd1+ 28. Re1 Rxe1+ 29. Kxe1 Ke7 30. Kd2 Ke6 31. Ke3 1/2-1/2

[Event "MP Reykjavik Open 2011"]
[Site "Reykjavik ISL"]
[Date "2011.03.16"]
[Round "9.67"]
[White "Ragnarsson, Dagur"]
[Black "Keetbaas, Herman"]
[Result "1-0"]
[WhiteElo "1625"]
[BlackElo "1991"]
[PlyCount "97"]
[EventDate "2011.03.09"]
[EventType "swiss"]
[EventRounds "9"]
[EventCountry "ISL"]
[Source "lmi"]
[SourceDate "2011.03.09"]

1. c4 e5 2. g3 Nf6 3. Bg2 Nc6 4. d3 Bc5 5. Nf3 d6 6. Nc3 O-O 7. O-O h6 8. a3 a5
9. b3 Re8 10. Bb2 Bg4 11. h3 Bf5 12. e4 Bd7 13. Nd5 Nxd5 14. exd5 Ne7 15. d4
exd4 16. Nxd4 Ng6 17. Nc2 Bf5 18. Ne3 Be4 19. Bxe4 Rxe4 20. Qf3 Re8 21. Nf5 Ne5
22. Qf4 Qf6 23. Kg2 g5 24. Qe4 Qg6 25. g4 Qh7 26. Rae1 Kf8 27. f4 gxf4 28. Qxf4
Nd3 29. Rxe8+ Rxe8 30. Qd2 Nxb2 31. Qxb2 Re5 32. b4 axb4 33. axb4 Be3 34. Qa3
Bg5 35. Qa8+ Re8 36. Qxb7 f6 37. Rf2 h5 38. gxh5 Qxh5 39. Qxc7 Qg6 40. Qxd6+
Kg8 41. Ne7+ Rxe7 42. Qxe7 Bh4+ 43. Kf1 Qb1+ 44. Qe1 Qd3+ 45. Qe2 Qb1+ 46. Kg2
Bxf2 47. Qxf2 Qxb4 48. Qf3 Qxc4 49. Qg4+ 1-0

[Event "MP Reykjavik Open 2011"]
[Site "Reykjavik ISL"]
[Date "2011.03.16"]
[Round "9.68"]
[White "Hauksdottir, Hrund"]
[Black "Reppen, Ellisiv"]
[Result "0-1"]
[WhiteElo "1554"]
[BlackElo "1963"]
[PlyCount "76"]
[EventDate "2011.03.09"]
[EventType "swiss"]
[EventRounds "9"]
[EventCountry "ISL"]
[Source "lmi"]
[SourceDate "2011.03.09"]

1. e4 e5 2. Nf3 Nc6 3. Bc4 Nf6 4. O-O Be7 5. Re1 d6 6. h3 O-O 7. Nc3 h6 8. d3
Na5 9. Bd5 c6 10. Bb3 Nxb3 11. axb3 Nh7 12. Be3 f5 13. exf5 Bxf5 14. Rxa7 Rxa7
15. Bxa7 Qe8 16. Ne4 Qg6 17. Ng3 c5 18. Nxf5 Qxf5 19. Qe2 Ra8 20. Ra1 Bd8 21.
Ra3 Nf6 22. Nd2 Bc7 23. Nc4 b5 24. Ne3 Qf4 25. g3 Qg5 26. Bxc5 Re8 27. Bb4 d5
28. Bd2 Qg6 29. Ng4 Nh5 30. Qe3 Bb6 31. Qf3 e4 32. dxe4 dxe4 33. Qc3 Qd6 34. b4
Rd8 35. Be3 Qd1+ 36. Kg2 Qf3+ 37. Kh2 Rd1 38. Nxh6+ Kh7 0-1

[Event "MP Reykjavik Open 2011"]
[Site "Reykjavik ISL"]
[Date "2011.03.16"]
[Round "9.71"]
[White "Knudsen, Jes West"]
[Black "Andrason, Pall"]
[Result "1-0"]
[WhiteElo "1945"]
[BlackElo "1683"]
[PlyCount "66"]
[EventDate "2011.03.09"]
[EventType "swiss"]
[EventRounds "9"]
[EventCountry "ISL"]
[Source "lmi"]
[SourceDate "2011.03.09"]

1. e4 e6 2. Nf3 d5 3. Nc3 Nf6 4. e5 Nfd7 5. d4 c5 6. Bb5 Qb6 7. Be3 Nc6 8. O-O
a6 9. Bxc6 Qxc6 10. dxc5 Bxc5 11. Nd4 Bxd4 12. Qxd4 O-O 13. f4 f5 14. Rf3 b5
15. Rc1 Bb7 16. Ne2 Rac8 17. Qd1 Rfe8 18. Nd4 Qc7 19. Rh3 Nc5 20. g4 fxg4 21.
Qxg4 Qf7 22. f5 Rc7 23. b4 Ne4 24. fxe6 Qg6 25. Qxg6 hxg6 26. Rf1 Bc8 27. Rhf3
Bxe6 28. Rf8+ Rxf8 29. Rxf8+ Kh7 30. Nxe6 Re7 31. Nd8 g5 32. Bd4 Rc7 33. e6
Rxc2 1-0

[Event "MP Reykjavik Open 2011"]
[Site "Reykjavik ISL"]
[Date "2011.03.16"]
[Round "9.72"]
[White "Klein, Gernot"]
[Black "Hardarson, Jon Trausti"]
[Result "1-0"]
[WhiteElo "1924"]
[BlackElo "1639"]
[PlyCount "63"]
[EventDate "2011.03.09"]
[EventType "swiss"]
[EventRounds "9"]
[EventCountry "ISL"]
[Source "lmi"]
[SourceDate "2011.03.09"]

1. e4 c5 2. Nf3 d6 3. d4 cxd4 4. Nxd4 Nf6 5. Nc3 g6 6. Be3 Bg7 7. f3 O-O 8. Qd2
Nc6 9. Bc4 Bd7 10. h4 Rc8 11. Bb3 h5 12. O-O-O Ne5 13. Bg5 Nc4 14. Qe2 Qc7 15.
Bxf6 Bxf6 16. Nd5 Qc5 17. Nxf6+ exf6 18. g4 hxg4 19. h5 gxf3 20. Qxf3 Kg7 21.
h6+ Kh7 22. Qxf6 Qe5 23. Qxe5 dxe5 24. Nf3 Bg4 25. Ng5+ Kh8 26. Rd3 Rc7 27. Rg1
Be2 28. Bxc4 Rxc4 29. Rd7 Rd4 30. Nxf7+ Kg8 31. Rxg6+ Kh7 32. Rg7# 1-0

[Event "MP Reykjavik Open 2011"]
[Site "Reykjavik ISL"]
[Date "2011.03.16"]
[Round "9.73"]
[White "Kristinardottir, Elsa Maria"]
[Black "Magnusson, Magnus"]
[Result "0-1"]
[WhiteElo "1702"]
[BlackElo "2026"]
[PlyCount "52"]
[EventDate "2011.03.09"]
[EventType "swiss"]
[EventRounds "9"]
[EventCountry "ISL"]
[Source "lmi"]
[SourceDate "2011.03.09"]

1. e4 e5 2. Nf3 Nc6 3. Bc4 Nf6 4. Nc3 Bc5 5. d3 h6 6. O-O d6 7. h3 g5 8. Nxg5
hxg5 9. Bxg5 Rg8 10. h4 Nd4 11. Nd5 Rxg5 12. Nxf6+ Qxf6 13. hxg5 Qxg5 14. Re1
Bg4 15. Qc1 Ne2+ 16. Rxe2 Qxc1+ 17. Rxc1 Bxe2 18. b4 Bb6 19. a4 a6 20. Re1 Bg4
21. Kh2 Ke7 22. c3 Rh8+ 23. Kg1 Rg8 24. a5 Ba7 25. b5 axb5 26. Bxb5 Bf3 0-1

[Event "MP Reykjavik Open 2011"]
[Site "Reykjavik ISL"]
[Date "2011.03.16"]
[Round "9.74"]
[White "Sigurdsson, Birkir Karl"]
[Black "Plug, Arjan"]
[Result "1/2-1/2"]
[WhiteElo "1481"]
[BlackElo "1965"]
[PlyCount "55"]
[EventDate "2011.03.09"]
[EventType "swiss"]
[EventRounds "9"]
[EventCountry "ISL"]
[Source "lmi"]
[SourceDate "2011.03.09"]

1. d4 Nf6 2. c4 Nc6 3. Nc3 e6 4. e3 Bb4 5. Nge2 O-O 6. a3 Be7 7. Ng3 d6 8. Be2
a5 9. O-O e5 10. d5 Nb8 11. e4 Nbd7 12. Rb1 Ne8 13. Be3 Bg5 14. Qd2 f6 15. Rfe1
Nb6 16. b4 axb4 17. axb4 Bxe3 18. Qxe3 f5 19. exf5 Bxf5 20. Nxf5 Rxf5 21. c5
Nd7 22. Ne4 Qh4 23. Bf3 Qf4 24. h3 Qxe3 25. Rxe3 Ndf6 26. Nc3 h5 27. Be4 Nxe4
28. Nxe4 1/2-1/2

[Event "MP Reykjavik Open 2011"]
[Site "Reykjavik ISL"]
[Date "2011.03.16"]
[Round "9.76"]
[White "Karlsson, Mikael Johann"]
[Black "Helgadottir, Sigridur Bjorg"]
[Result "1-0"]
[WhiteElo "1835"]
[BlackElo "1712"]
[PlyCount "55"]
[EventDate "2011.03.09"]
[EventType "swiss"]
[EventRounds "9"]
[EventCountry "ISL"]
[Source "lmi"]
[SourceDate "2011.03.09"]

1. c4 e5 2. g3 g6 3. Bg2 Bg7 4. Nc3 d6 5. Nf3 Nf6 6. d3 O-O 7. O-O c6 8. Bd2
Bf5 9. Qb3 Qd7 10. c5 Be6 11. Qa3 Ne8 12. cxd6 Qxd6 13. Qa4 f5 14. Ng5 Na6 15.
Nxe6 Qxe6 16. Rac1 Rd8 17. Be3 Ra8 18. b4 Qd7 19. b5 cxb5 20. Qxb5 Qxb5 21.
Nxb5 Rf6 22. Bxb7 Rb8 23. Bd5+ Kh8 24. Nxa7 Rb2 25. Rc8 Rf8 26. Bc4 Nac7 27.
Bc5 Rf6 28. Nb5 1-0

[Event "MP Reykjavik Open 2011"]
[Site "Reykjavik ISL"]
[Date "2011.03.16"]
[Round "9.77"]
[White "Hauksson, Hordur Aron"]
[Black "Rutten, David"]
[Result "1-0"]
[WhiteElo "1719"]
[BlackElo "1880"]
[PlyCount "71"]
[EventDate "2011.03.09"]
[EventType "swiss"]
[EventRounds "9"]
[EventCountry "ISL"]
[Source "lmi"]
[SourceDate "2011.03.09"]

1. d4 c5 2. d5 Nf6 3. Nf3 g6 4. g3 b5 5. Bg2 d6 6. O-O Bg7 7. c4 bxc4 8. Qa4+
Nbd7 9. Nc3 O-O 10. Qxc4 Rb8 11. Rd1 Rb4 12. Qd3 Ng4 13. Qc2 Ba6 14. b3 Bxe2
15. Re1 Bxf3 16. Bxf3 Nge5 17. Be2 Nf6 18. Bb2 c4 19. Na4 cxb3 20. axb3 Nxd5
21. f4 Nd7 22. Bxg7 Kxg7 23. Rad1 N5f6 24. Qc3 Qb8 25. g4 Rxb3 26. Qa1 Kg8 27.
g5 Nh5 28. Bxh5 gxh5 29. Rxe7 Rd8 30. Rde1 Rd3 31. Qa2 d5 32. Qc2 Qb5 33. Qc7
Qxa4 34. Qxd8+ Kg7 35. Rxf7+ Kxf7 36. Qe8+ 1-0

[Event "MP Reykjavik Open 2011"]
[Site "Reykjavik ISL"]
[Date "2011.03.16"]
[Round "9.78"]
[White "Van Dongen, Leo"]
[Black "Gates, David A"]
[Result "1/2-1/2"]
[WhiteElo "1828"]
[BlackElo "1698"]
[PlyCount "72"]
[EventDate "2011.03.09"]
[EventType "swiss"]
[EventRounds "9"]
[EventCountry "ISL"]
[Source "lmi"]
[SourceDate "2011.03.09"]

1. e4 c6 2. c4 d5 3. cxd5 cxd5 4. exd5 Qxd5 5. Nc3 Qd8 6. d4 Nf6 7. Bc4 e6 8.
Nf3 Bb4 9. O-O O-O 10. a3 Bxc3 11. bxc3 Qc7 12. Qd3 Nbd7 13. Re1 a6 14. Bg5 b5
15. Ba2 Bb7 16. Rac1 Qa5 17. c4 bxc4 18. Bxc4 Bxf3 19. Bxf6 Nxf6 20. Qxf3 Rac8
21. Qd3 Qg5 22. Rb1 Nd5 23. Re5 Qh6 24. Bxd5 exd5 25. Rbe1 Rc1 26. Qf3 Qd2 27.
Kf1 Rxe1+ 28. Rxe1 Qxd4 29. Rd1 Qc4+ 30. Qd3 Qxd3+ 31. Rxd3 Rd8 32. Ke2 Kf8 33.
Re3 Rd6 34. Kd3 Re6 35. Kd4 Rc6 36. Kxd5 Rc2 1/2-1/2

[Event "MP Reykjavik Open 2011"]
[Site "Reykjavik ISL"]
[Date "2011.03.16"]
[Round "9.79"]
[White "Leosson, Atli Johann"]
[Black "Johannsdottir, Johanna Bjorg"]
[Result "0-1"]
[WhiteElo "1685"]
[BlackElo "1795"]
[PlyCount "82"]
[EventDate "2011.03.09"]
[EventType "swiss"]
[EventRounds "9"]
[EventCountry "ISL"]
[Source "lmi"]
[SourceDate "2011.03.09"]

1. e4 c5 2. Nf3 e6 3. c3 d5 4. Bb5+ Nc6 5. Ne5 Nge7 6. Qf3 f6 7. exd5 Qxd5 8.
Qxd5 exd5 9. Nxc6 Nxc6 10. O-O Bf5 11. d4 cxd4 12. cxd4 a6 13. Bxc6+ bxc6 14.
Be3 Bd6 15. Nd2 Kf7 16. Rfc1 Rhc8 17. Nf3 g5 18. Bd2 Be4 19. Ne1 h5 20. Nc2
Rab8 21. b3 h4 22. Ne3 Ba3 23. Re1 Bb2 24. Rad1 Bxd4 25. Nc4 Bc5 26. Be3 Bb4
27. a3 Be7 28. Nb6 Rc7 29. b4 Rcb7 30. f3 Bf5 31. Bc5 Bd8 32. Na4 Bc2 33. Nc3
Bxd1 34. Rxd1 Be7 35. Bd4 Bd6 36. Na4 Be5 37. Bf2 Rb5 38. Nc5 a5 39. Rc1 Bb2
40. Re1 Bxa3 41. Na6 Bxb4 0-1

[Event "MP Reykjavik Open 2011"]
[Site "Reykjavik ISL"]
[Date "2011.03.16"]
[Round "9.81"]
[White "Johannesson, Kristofer Joel"]
[Black "Stefansson, Vignir Vatnar"]
[Result "1-0"]
[WhiteElo "1437"]
[BlackElo "1501"]
[PlyCount "81"]
[EventDate "2011.03.09"]
[EventType "swiss"]
[EventRounds "9"]
[EventCountry "ISL"]
[Source "lmi"]
[SourceDate "2011.03.09"]

1. d4 d5 2. Nf3 e6 3. c4 c6 4. Bf4 Nf6 5. e3 Nbd7 6. Nc3 Bb4 7. Bd3 Qa5 8. Qc2
dxc4 9. Bxc4 Nd5 10. Bxd5 cxd5 11. O-O Bxc3 12. Qxc3 Qxc3 13. bxc3 O-O 14. Rac1
Nb6 15. Nd2 Bd7 16. Rfe1 Rac8 17. Bd6 Rfd8 18. Bc5 Rc6 19. Bxb6 Rxb6 20. Rb1
Rxb1 21. Rxb1 b5 22. Kf1 Rc8 23. Rc1 b4 24. Nb1 Bb5+ 25. Ke1 Bd3 26. Kd2 Bxb1
27. Rxb1 bxc3+ 28. Kd3 Kf8 29. Rc1 Ke7 30. Rxc3 Rxc3+ 31. Kxc3 Kd7 32. Kb4 Kc7
33. Ka5 Kb7 34. Kb5 a6+ 35. Kc5 Kc7 36. a4 f6 37. f3 f5 38. f4 Kb7 39. Kd6 Kb6
40. Kxe6 Ka5 41. Kxd5 1-0